000 00450cam a22001097a 4500
008 180718b1984 xxu||||| |||| 00| 0 eng d
082 _aI57 PIM/5/84/4
245 _aFifth course on project implementation, monitoring and evaluation- agriculture, Dec 26 1983- Jan 13, 1984
_cby Ministry of Home Affairs, India
260 _aNew Delhi
_bIndian Institute of Public Administration
_c1984
300 _a--
700 _aIndian Institute of Public Administration
999 _c503616
_d503616